Randy Newman Discography - Statistics

General Stats
  • This quiz has been taken 13 times
  • The average score is 10 of 11
Answer Stats
Year Album Title % Correct
1972 Sail Away
100%
1970 12 Songs
92%
1999 Bad Love
92%
1974 Good Old Boys
92%
1977 Little Criminals
92%
1968 Randy Newman
92%
1983 Trouble in Paradise
92%
1979 Born Again
83%
2017 Dark Matter
83%
1988 Land of Dreams
83%
2008 Harps & Angels
75%
No matching quizzes found
Score Distribution
Percent of People with Each Score
Percentile by Number Answered
Your Score History
You have not taken this quiz